| 000 | 00774nam a2200229Ia 4500 | ||
|---|---|---|---|
| 003 | GCL | ||
| 008 | 140319s9999 xx 000 0 ara d | ||
| 040 |
_aGCL / _cGCL |
||
| 082 | 0 | 4 |
_a609 _bف ت |
| 100 | 1 | _aاسامة امين الخولى | |
| 245 | 1 | 0 |
_aتاريخ العلم والتكنولوجيا / _cاسامة امين الخولى |
| 700 | 1 | _aفوربس، ر.ج | |
| 700 | 1 | _aمحمد مرسى احمد | |
| 700 | 1 | _aديكسترهوز، ا . ج | |
| 260 |
_a[S.N] : _bالهيئة المصرية العامة للكتاب |
||
| 300 | _a203 ص | ||
| 490 |
_aالالف كتاب _v0 |
||
| 650 | 0 | 4 | _aالعلم والتكنولوجيا - تاريخ |
| 650 | 0 | 4 | _aالعلم - تاريخ |
| 650 | 0 | 4 | _aالتكنولوجيا - تاريخ |
| 942 |
_2ddc _cBK |
||
| 999 |
_c31572 _d31572 |
||